000 00329nam a22001457a 4500
008 221005b ||||| |||| 00| 0 eng d
020 _a068302252
041 _aeng
080 _a611
082 _a611 CUL
100 _a10.2
101 _aMJEKSI
245 _aPROBLEM SOLVING IN CLINICAL MEDICINE
_cCUTLER P
942 _2udc
_cBK
999 _c58355
_d58355